000 00529nam a2200133Ia 4500
008 100328s9999 xx 000 0 und d
082 _b73225
100 _aकवी घनश्याम.
245 _aतुमचा भाग्योदय तुमच्या हातात.
260 _bउत्कर्ष.
630 _aतुमचा भाग्योदय तुमच्या हातात.
730 _aतुमचा भाग्योदय तुमच्या हातात.
942 _cBOOK
999 _c558946
_d558943